00486nam a22001577a 450000500170000001000150001702000260003203500140005803700090007208200110008110000180009224500540011026000390016427001050020330000200030820260427115806.0 aENG-148244 a9789393796233c345.00 aEN-131776 bDBAD a35121 aSwarup, Anil  aEthical Dilemmas of a Civil Servant/cAnil Swarup aNew DelhibUnique Publishersc2024 aJ-2/1, Block B-1, Mohan Cooperative Industrial Estate, Mathura RoadbNew Delhie110044k011-41076666 a268p.c22cm(pb)